| 000 | 00843cad a22001935a 4500 | ||
|---|---|---|---|
| 001 | E154118 | ||
| 008 | 111017s2011 xxk f s000 0 eng d | ||
| 020 | _a9781780454573 | ||
| 035 | _a(Sirsi) u154118 | ||
| 041 | 0 | _aeng | |
| 110 | 2 |
_aScotland _bScottish Government _95344 |
|
| 245 | 0 | 0 |
_aPolicy statement _bzero waste regulations _h[electronic resource] |
| 260 |
_aEdinburgh _bScottish Government _c2011 |
||
| 520 | _aFollowing a consultation in January 2011, this paper describes the decisions contributing to the Zero Waste (Scotland) Regulations that will be laid before the Scottish Parliament. | ||
| 651 | 4 |
_aScotland _y1999- |
|
| 690 | _aENVIRONMENTAL AND LAND CONSULTANCY-WASTE MANAGEMENT | ||
| 856 | 4 | 0 |
_uhttps://www.scotland.gov.uk/Publications/2011/10/14112444/0 _zView the report free of charge at www.scotland.gov.uk |
| 942 | _n0 | ||
| 999 |
_c112851 _d112851 |
||